| 000 | 01133nam a2200373 a 4500 | ||
|---|---|---|---|
| 003 | AR-BaBNM | ||
| 005 | 20251128210207.0 | ||
| 008 | 082120s2002 ||||||||||||||000 | spa|| | ||
| 020 | _a84-87118-68-2 | ||
| 040 | _cAR-BaBNM | ||
| 245 | 0 | 0 |
_aLos cuadernos de los alumnos _buna evaluación del currículo real |
| 250 | _a1ª ed. | ||
| 260 |
_aSevilla _bDíada _c1996 |
||
| 300 |
_a98 p. _btablas, diagr. |
||
| 490 | 0 |
_aInvestigación y enseñanza. Práctica _vv. 13 |
|
| 504 | _aContiene bibliografía comentada p. 96-98 | ||
| 650 | 4 | _aCURRICULO | |
| 650 | 4 | _aTAREAS ESCOLARES | |
| 650 | 4 | _aACTIVIDADES DE LA CLASE | |
| 650 | 4 | _aPRAXIS EDUCATIVA | |
| 650 | 4 | _aDIDACTICA | |
| 650 | 4 | _aMETODOS DE ENSEÑANZA | |
| 650 | 4 | _aROL DEL DOCENTE | |
| 653 | _aORGANIZACION CURRICULAR | ||
| 653 | _aESTRATEGIAS EDUCATIVAS | ||
| 700 | 1 | _aGrilles Rodríguez, Jesús Miguel | |
| 700 | 1 | _aLlorens Molina, Juan Antonio | |
| 700 | 1 | _aMadalena Calvo, José Ignacio | |
| 700 | 1 | _aMartínez Laines, Ana María | |
| 700 | 1 | _aSouto Gonzalez, Xosé Manuel | |
| 800 | 1 | _aPorlán Ariza, Rafael | |
| 942 | _cBK | ||
| 998 | _cRaquel | ||
| 999 |
_c14457 _d14457 |
||